Textbook of Midwifery/Obstetrics and Gynecology Nursing for BSc Nursing Students (Record no. 366903)

MARC details
000 -LEADER
fixed length control field 00513nam a22001697a 4500
005 - DATE AND TIME OF LATEST TRANSACTION
control field 20250614112101.0
008 - FIXED-LENGTH DATA ELEMENTS--GENERAL INFORMATION
fixed length control field 250603b |||||||| |||| 00| 0 eng d
020 ## - INTERNATIONAL STANDARD BOOK NUMBER
International Standard Book Number 978-93-94525-56-6
041 ## - LANGUAGE CODE
Language code of text/sound track or separate title English
082 ## - DEWEY DECIMAL CLASSIFICATION NUMBER
Edition number 2nd ed.
Classification number OG 610.73678 KAU DB1378
100 ## - MAIN ENTRY--PERSONAL NAME
Author Kaur Sandeep
245 ## - TITLE STATEMENT
Title Textbook of Midwifery/Obstetrics and Gynecology Nursing for BSc Nursing Students
260 ## - PUBLICATION, DISTRIBUTION, ETC.
Name of publisher, distributor, etc. CBS Publishers & Distributors Pvt. Ltd.
Place of publication, distribution, etc. New Delhi
Date of publication, distribution, etc. 2025
300 ## - PHYSICAL DESCRIPTION
Extent 844p
365 ## - TRADE PRICE
Price amount Rs.1295.00
942 ## - ADDED ENTRY ELEMENTS (KOHA)
Koha item type Donated Book
Holdings
Withdrawn status Lost status Source of classification or shelving scheme Damaged status Not for loan Home library Current library Date acquired Net Price Bill number Total Checkouts Total Renewals Full call number Barcode Date last seen Date last checked out Bill Date Koha item type Original Barcode
    Dewey Decimal Classification     Smt. Bakul Tambat Institute of Nursing Education Smt. Bakul Tambat Institute of Nursing Education 04/06/2025 1295.00 IK#2025-26#550 7 9 OG 610.73678 KAU DB1378 BTIN-DB-1378 21/02/2026 13/02/2026 04/06/2025 Donated Book DB1378